| 000 | 00460nam a2200157 4500 | ||
|---|---|---|---|
| 001 | 132044 | ||
| 003 | ES-MaACL | ||
| 005 | 20230906194108.0 | ||
| 007 | t| | ||
| 008 | 070214s1961 sp r ||||1| cat d | ||
| 100 | 1 |
_aRoig i Raventós, Josep. _999017 |
|
| 245 | 1 | 3 |
_aEl secret d'en salvi i altres narracions / _cJosep Roig i Raventós. |
| 260 |
_aBarcelona : _bArimany, _c1961. |
||
| 300 |
_a111 p. : _bil. ; _c24 cm. |
||
| 852 |
_aES-MaACL _jC-20615 _bR.49173 |
||
| 999 |
_c132044 _d132044 |
||